[Event "Accademia Cup"]
[Site "Roma ITA"]
[Date "1997.??.??"]
[Round "?"]
[White "Tersigni, Andrea"]
[Black "Concutelli, Alberto"]
[Result "0-1"]
[WhiteElo "1723"]
[BlackElo "1600"]
[PlyCount "160"]
[EventDate "1997.??.??"]

1. f4 d5 2. Nf3 Nc6 3. e3 Nf6 4. Bb5 Bd7 5. b3 e6 6. Bb2 Be7 7. O-O O-O 8. d3
a6 9. Bxc6 Bxc6 10. Ne5 Nd7 11. Nxc6 bxc6 12. Nd2 Bf6 13. d4 c5 14. Rf3 cxd4
15. exd4 c5 16. Rh3 Bxd4+ 17. Bxd4 cxd4 18. Nf3 Qf6 19. Qd3 g6 20. Ng5 Qxf4 21.
Nxh7 Ne5 22. Qe2 d3 23. Qe1 d2 24. Qf1 Qd4+ 25. Kh1 Ng4 26. Rf3 Kxh7 27. c3 Qg7
28. Qe2 Kg8 29. Qxd2 Qh6 30. Qxh6 Nxh6 31. h3 Nf5 32. g4 Nd6 33. h4 Ne4 34. Re1
Nd6 35. h5 Kg7 36. g5 gxh5 37. c4 dxc4 38. bxc4 Nxc4 39. g6 fxg6 40. Rc3 Nd6
41. Rxe6 Nf5 42. Rcc6 Rfe8 43. Rxg6+ Kh7 44. Rg5 Re1+ 45. Kh2 Re2+ 46. Kh1 Nd4
47. Rxh5+ Kg7 48. Rc7+ Kg6 49. Rhh7 Nf5 50. Rh2 Rxh2+ 51. Kxh2 Rd8 52. Rc6+ Rd6
53. Rc2 Nd4 54. Rb2 Kf5 55. Kg2 Ke4 56. Kf2 Kd3 57. Kg3 Re6 58. a4 Kc3 59. Rb7
Nb3 60. Kf4 Nc5 61. Rc7 Kb4 62. Kf5 Re1 63. a5 Ra1 64. Ke5 Rxa5 65. Kd5 Nb3+
66. Ke4 Rc5 67. Re7 a5 68. Rb7+ Rb5 69. Rc7 a4 70. Kd3 a3 71. Rc4+ Ka5 72. Rc2
Nc5+ 73. Kc4 Ka4 74. Ra2 Rb2 75. Ra1 Nb3 76. Rg1 a2 77. Kc3 Rb1 78. Rg4+ Kb5
79. Rb4+ Ka5 80. Kc4 80... Nd2+ {...} 0-1

[Event "Accademia Cup"]
[Site "Roma ITA"]
[Date "1997.??.??"]
[Round "?"]
[White "Tersigni, Andrea"]
[Black "Placchetta, Omero"]
[Result "1-0"]
[WhiteElo "1723"]
[BlackElo "1477"]
[PlyCount "71"]
[EventDate "1997.??.??"]

1. f4 d5 2. Nf3 Nf6 3. e3 c6 4. b3 e6 5. Bb2 Be7 6. Be2 O-O 7. O-O Ne4 8. d3
Bf6 9. Ne5 Nd6 10. Nd2 Nf5 11. Rf3 Qb6 12. Nf1 d4 13. Nc4 Qc5 14. Ba3 Qb5 15.
Bxf8 Kxf8 16. e4 Ne3 17. Nfxe3 dxe3 18. Nd6 Qc5 19. e5 Nd7 20. Nxc8 Rxc8 21.
exf6 Nxf6 22. d4 Qc3 23. Qe1 Qxd4 24. Rd1 Qb6 25. a3 Nd5 26. c4 Ne7 27. Qb4
Qxb4 28. axb4 Ke8 29. Rxe3 Rd8 30. Red3 Rxd3 31. Rxd3 Nf5 32. Bf3 Ke7 33. b5 c5
34. Bxb7 Nd4 35. Kf2 Kf6 36. b4 1-0

[Event "Accademia Cup"]
[Site "Roma ITA"]
[Date "1997.??.??"]
[Round "?"]
[White "Tinari, Marco"]
[Black "Berrino, Umberto"]
[Result "1-0"]
[WhiteElo "1911"]
[BlackElo "1672"]
[PlyCount "79"]
[EventDate "1997.??.??"]

1. c4 e6 2. Nc3 d5 3. cxd5 exd5 4. d4 Nf6 5. Bg5 Be7 6. e3 c6 7. Bd3 Nbd7 8.
Nge2 O-O 9. O-O Re8 10. Ng3 Nf8 11. Nf5 Bxf5 12. Bxf5 Ng6 13. h4 h6 14. h5 Nf8
15. Bxf6 Bxf6 16. Ne2 Qd6 17. Bc2 Bg5 18. Ng3 Rac8 19. Nf5 Qd8 20. f4 Bf6 21.
Qg4 Kh8 22. Rae1 c5 23. Ba4 Re6 24. Kh1 c4 25. Rf3 Qa5 26. Ref1 Qxa4 27. Rg3
Ng6 28. hxg6 fxg6 29. Nxh6 Qe8 30. Qh3 c3 31. bxc3 Rxc3 32. f5 Re4 33. Ng4+ Kg8
34. Nxf6+ gxf6 35. Rxg6+ Kf8 36. Qh7 Rh4+ 37. Qxh4 Qxe3 38. Rxf6+ Kg7 39. Rg6+
Kf8 40. Qh8+ 1-0

[Event "Accademia Cup"]
[Site "Roma ITA"]
[Date "1997.??.??"]
[Round "?"]
[White "Tinari, Marco"]
[Black "Concutelli, Alberto"]
[Result "1-0"]
[WhiteElo "1911"]
[BlackElo "1600"]
[PlyCount "113"]
[EventDate "1997.??.??"]

1. c4 e5 2. Nc3 Nf6 3. g3 Nc6 4. Bg2 d6 5. e3 g6 6. Nge2 Bg7 7. O-O O-O 8. d4
Bg4 9. h3 Bd7 10. Qb3 Qc8 11. Kh2 Rb8 12. dxe5 dxe5 13. Nd5 Nxd5 14. cxd5 Ne7
15. Bd2 Nf5 16. Rac1 c6 17. Bb4 Re8 18. e4 Nd4 19. Nxd4 exd4 20. f4 Qd8 21. Bd6
Rc8 22. Qxb7 cxd5 23. e5 Be6 24. Bxd5 Bxd5 25. Qxd5 Bf8 26. Rxc8 Qxc8 27. Rf2
Bxd6 28. exd6 Rd8 29. Qxd4 Qa6 30. d7 Qe6 31. Rd2 a6 32. a3 h5 33. Qd6 Qe3 34.
Qd4 Qe6 35. b4 Kf8 36. Qd6+ Qe7 37. Qxe7+ Kxe7 38. Kg2 Rxd7 39. Re2+ Kd8 40.
Kf3 a5 41. Re3 axb4 42. axb4 Kc7 43. Ke4 Kc6 44. Rd3 Re7+ 45. Kd4 Kb5 46. Rb3
f5 47. Re3 Rd7+ 48. Kc3 Rc7+ 49. Kb3 Rc6 50. Re5+ Kb6 51. b5 Rd6 52. Kc4 Rf6
53. Re3 Rd6 54. Ra3 Kb7 55. Ra6 Rxa6 56. bxa6+ Kxa6 57. Kd5 1-0

[Event "Accademia Cup"]
[Site "Roma ITA"]
[Date "1997.??.??"]
[Round "?"]
[White "Tinari, Marco"]
[Black "Marta, Daniele"]
[Result "1/2-1/2"]
[WhiteElo "1911"]
[BlackElo "1807"]
[PlyCount "26"]
[EventDate "1997.??.??"]

1. c4 Nf6 2. Nc3 c5 3. g3 e6 4. Bg2 d5 5. d3 d4 6. Ne4 Nxe4 7. Bxe4 Be7 8. e3
O-O 9. Ne2 f5 10. Bg2 e5 11. O-O Nc6 12. a3 a5 13. b3 Qc7 1/2-1/2

[Event "Accademia Cup"]
[Site "Roma ITA"]
[Date "1997.??.??"]
[Round "?"]
[White "Tinari, Marco"]
[Black "Vigile, Matteo"]
[Result "1/2-1/2"]
[WhiteElo "1911"]
[BlackElo "1567"]
[PlyCount "86"]
[EventDate "1997.??.??"]

1. c4 e5 2. Nc3 d6 3. g3 f5 4. Bg2 Nf6 5. Nh3 Be7 6. O-O O-O 7. Qb3 c6 8. d3
Qe8 9. f4 Nbd7 10. Ng5 Nb6 11. fxe5 dxe5 12. c5+ Nbd5 13. Nxd5 Nxd5 14. Bxd5+
cxd5 15. Qxd5+ Kh8 16. Qxe5 Bxg5 17. Qxe8 Rxe8 18. Bxg5 h6 19. Bf4 Rxe2 20.
Rae1 Re6 21. a3 Bd7 22. Rxe6 Bxe6 23. Re1 Re8 24. d4 Bd7 25. Be5 Kg8 26. Kf2
Bc6 27. h4 g5 28. hxg5 hxg5 29. Ke3 Kf7 30. Kd3 f4 31. gxf4 gxf4 32. Kc4 a6 33.
d5 Bb5+ 34. Kd4 f3 35. Re3 Be2 36. Bg3 Rxe3 37. Kxe3 Ke7 38. Ke4 Kd7 39. b4 Bd1
40. a4 Bxa4 41. Kxf3 Bb3 42. Ke4 Bc4 43. Ke5 Bb5 1/2-1/2

[Event "Accademia Cup"]
[Site "Roma ITA"]
[Date "1997.??.??"]
[Round "?"]
[White "Tosoni, Augusto"]
[Black "Laudati, Adriano"]
[Result "1-0"]
[WhiteElo "2056"]
[BlackElo "1852"]
[PlyCount "37"]
[EventDate "1997.??.??"]

1. e4 c5 2. Nc3 Nc6 3. f4 g6 4. Nf3 Bg7 5. Bb5 Nd4 6. Bc4 d6 7. O-O e6 8. d3
Ne7 9. f5 gxf5 10. Ng5 O-O 11. Qh5 h6 12. Nh3 Kh7 13. g4 d5 14. gxf5 Nexf5 15.
exf5 Nxf5 16. Rxf5 dxc4 17. Bxh6 Bxh6 18. Ng5+ Kg7 19. Rxf7+ 1-0

[Event "Accademia Cup"]
[Site "Roma ITA"]
[Date "1997.??.??"]
[Round "?"]
[White "Tosoni, Augusto"]
[Black "Occhioni, Edmondo"]
[Result "1-0"]
[WhiteElo "2056"]
[BlackElo "1741"]
[PlyCount "61"]
[EventDate "1997.??.??"]

1. e4 e5 2. f4 exf4 3. Nf3 d6 4. Bc4 g5 5. O-O Bg7 6. d4 h6 7. g3 g4 8. Nh4 f3
9. Nc3 Nc6 10. Be3 Nf6 11. h3 O-O 12. Qd2 Nh5 13. Kh2 Kh7 14. hxg4 Bxg4 15.
Nxf3 Ne7 16. Nh4 Ng6 17. Nf5 Bxf5 18. Rxf5 Nf6 19. Kg2 Qe7 20. Bd3 Ng4 21. Rh1
Nxe3+ 22. Qxe3 Rh8 23. Nd5 Qd7 24. Rfh5 c6 25. Rxh6+ Kg8 26. Rxh8+ Nxh8 27. Nf4
Ng6 28. Nh5 Re8 29. Nxg7 Kxg7 30. Qh6+ Kf6 31. Rf1+ 1-0

[Event "Accademia Cup"]
[Site "Roma ITA"]
[Date "1997.??.??"]
[Round "?"]
[White "Tosoni, Augusto"]
[Black "Scagliarini, Bruno"]
[Result "1-0"]
[WhiteElo "2056"]
[BlackElo "1728"]
[PlyCount "45"]
[EventDate "1997.??.??"]

1. e4 e6 2. d4 d5 3. Nc3 Bb4 4. e5 c5 5. a3 Bxc3+ 6. bxc3 Qc7 7. Nf3 Nc6 8. Bd3
Nge7 9. h4 Bd7 10. h5 h6 11. g4 cxd4 12. cxd4 Nxd4 13. O-O Nxf3+ 14. Qxf3 Qxe5
15. Rb1 Bc6 16. Bf4 Qc3 17. Qg3 Qa5 18. Bc7 b6 19. Bd6 d4 20. Rfe1 Rd8 21. Re5
Bd5 22. Bb5+ Kf8 23. Bb4 1-0

[Event "Accademia Cup"]
[Site "Roma ITA"]
[Date "1997.??.??"]
[Round "?"]
[White "Trebeschi, Andrea"]
[Black "Cesarini, Lanfranco"]
[Result "0-1"]
[WhiteElo "1699"]
[BlackElo "1798"]
[PlyCount "58"]
[EventDate "1997.??.??"]

1. e4 e5 2. Nf3 Nc6 3. Bb5 a6 4. Ba4 Nf6 5. d3 b5 6. Bb3 Be7 7. c3 d6 8. h3 O-O
9. O-O Na5 10. Bc2 c5 11. Nbd2 Qc7 12. Nb3 Nc6 13. Bg5 h6 14. Be3 b4 15. c4 Be6
16. Nh2 Nh7 17. f4 f5 18. g4 exf4 19. Bxf4 fxg4 20. Nxg4 Ng5 21. Kh2 Qd7 22.
Qe2 h5 23. Bxg5 Bxg5 24. Nf2 Bf4+ 25. Kg2 Qf7 26. Rg1 Be5 27. Bd1 Qf4 28. Kf1
Nd4 29. Nxd4 Bxd4 0-1

[Event "Accademia Cup"]
[Site "Roma ITA"]
[Date "1997.??.??"]
[Round "?"]
[White "Trebeschi, Andrea"]
[Black "Rovatti, Paolo"]
[Result "0-1"]
[WhiteElo "1699"]
[BlackElo "1603"]
[PlyCount "64"]
[EventDate "1997.??.??"]

1. e4 e6 2. d4 c5 3. c3 b6 4. Be3 Bb7 5. f3 Nf6 6. Bd3 Be7 7. Nd2 Nc6 8. a3 Qc7
9. Ne2 Na5 10. b4 c4 11. Bc2 Nc6 12. a4 a6 13. g4 b5 14. a5 d6 15. h4 Nd7 16.
Ng3 O-O-O 17. Qe2 Rdf8 18. O-O-O Qd8 19. Qh2 d5 20. e5 Nxa5 21. bxa5 Ba3+ 22.
Kb1 Qxa5 23. Nxc4 bxc4 24. Bc1 Kc7 25. Bxa3 Qxa3 26. Bxh7 Bc6 27. Kc2 Rb8 28.
Kd2 Rxh7 29. Rc1 Rb2+ 30. Rc2 Rxc2+ 31. Kxc2 Ba4+ 32. Kd2 Qb2+ 0-1

[Event "Accademia Cup"]
[Site "Roma ITA"]
[Date "1997.??.??"]
[Round "?"]
[White "Trebeschi, Andrea"]
[Black "Sabatini, Mario"]
[Result "1/2-1/2"]
[WhiteElo "1699"]
[BlackElo "2075"]
[PlyCount "126"]
[EventDate "1997.??.??"]

1. e4 c6 2. d4 d5 3. e5 Bf5 4. g4 Bg6 5. h4 h6 6. h5 Be4 7. f3 Bh7 8. Bd3 Bxd3
9. Qxd3 e6 10. f4 Qa5+ 11. Bd2 Qa6 12. Ke2 c5 13. dxc5 Bxc5 14. a3 Qc6 15. Nf3
Nd7 16. Nc3 Ne7 17. Nd4 Bxd4 18. Qxd4 Qa6+ 19. Qd3 Qxd3+ 20. cxd3 a6 21. a4 Nc6
22. Rab1 Nd4+ 23. Ke3 Nb3 24. Ne2 Ndc5 25. Bb4 Nxa4 26. Nd4 Nxd4 27. Kxd4 Rc8
28. b3 Nb6 29. Rhc1 Kd7 30. Ba5 Na8 31. Bd2 Nc7 32. Ke3 Nb5 33. Rxc8 Rxc8 34.
Rc1 Rg8 35. Rf1 b6 36. b4 Rc8 37. Rc1 Rxc1 38. Bxc1 a5 39. bxa5 bxa5 40. Kd2 d4
41. Kc2 a4 42. g5 Ke7 43. gxh6 gxh6 44. f5 exf5 45. Bxh6 f6 46. exf6+ Kxf6 47.
Bf4 Nc3 48. Kb2 Nd5 49. Bd2 f4 50. Ka3 f3 51. Be1 Nf4 52. Bf2 Kg5 53. h6 Kxh6
54. Bxd4 Nxd3 55. Kxa4 Kg5 56. Kb3 Kf4 57. Kc3 Ke4 58. Bg1 Nf4 59. Kd2 Ng2 60.
Bf2 Kf4 61. Kd3 Kg4 62. Ke4 Nf4 63. Ke3 Nd5+ 1/2-1/2

[Event "Accademia Cup"]
[Site "Roma ITA"]
[Date "1997.??.??"]
[Round "?"]
[White "Trebeschi, Andrea"]
[Black "Vanzan, Alessandro"]
[Result "1/2-1/2"]
[WhiteElo "1699"]
[BlackElo "1507"]
[PlyCount "95"]
[EventDate "1997.??.??"]

1. e4 d6 2. d4 Nf6 3. f3 g6 4. c4 Bg7 5. Nc3 O-O 6. Be3 Nbd7 7. Qd2 e5 8. d5
Nb6 9. Bd3 c6 10. Nge2 cxd5 11. Nxd5 Nbxd5 12. cxd5 a6 13. a4 Bd7 14. O-O b5
15. axb5 Bxb5 16. Bxb5 axb5 17. Rxa8 Qxa8 18. Qb4 Qa6 19. Rc1 Rd8 20. Rc6 Qb7
21. Rxd6 Ra8 22. Rb6 Qa7 23. Qxb5 Nd7 24. Kf2 Nxb6 25. Bxb6 Rb8 26. Qe8+ Rxe8
27. Bxa7 Bf8 28. Be3 Rc8 29. Nc3 Ba3 30. Bc1 Rxc3 31. bxc3 Bxc1 32. Ke2 Ba3 33.
Kd3 Kf8 34. Kc4 Ke7 35. Kb5 Kd6 36. Kb6 Bc5+ 37. Kb5 f5 38. g4 f4 39. Ka6 Bf2
40. Kb7 Bh4 41. Kb6 Be7 42. c4 h5 43. h3 h4 44. c5+ Kd7 45. Kb5 g5 46. Kc4 Bd8
47. Kb5 Bc7 48. Kc4 1/2-1/2

[Event "Accademia Cup"]
[Site "Roma ITA"]
[Date "1997.??.??"]
[Round "?"]
[White "Vaccaro, Maurizio"]
[Black "De Carolis, Maurizio"]
[Result "0-1"]
[WhiteElo "1764"]
[BlackElo "1570"]
[PlyCount "79"]
[EventDate "1997.??.??"]

1. c4 Nf6 2. Nc3 b6 3. e4 d6 4. d4 Bb7 5. Bd3 Nc6 6. Nge2 Qd7 7. f3 g6 8. a3
Bg7 9. Be3 Nh5 10. g4 Nf6 11. b4 h5 12. g5 Nh7 13. h4 e5 14. Bc2 exd4 15. Nxd4
O-O-O 16. Ba4 Nf8 17. Ncb5 Kb8 18. Rc1 Ne6 19. Nxe6 fxe6 20. c5 a6 21. cxb6
axb5 22. bxc7+ Qxc7 23. Bxb5 d5 24. Qa4 d4 25. Rxc6 Bxc6 26. Bxc6 Qg3+ 27. Bf2
Qxf3 28. e5 Qc3+ 29. Kf1 Kc7 30. Be4 Bxe5 31. Qa7+ Kd6 32. Qa6+ Ke7 33. Qb5
Qc1+ 34. Kg2 Qf4 35. Qd3 Rhf8 36. Bg3 Qg4 37. Rh3 Rc8 38. Bf3 Rc2+ 39. Qxc2
Qxf3+ 40. Kh2 $138 0-1

[Event "Accademia Cup"]
[Site "Roma ITA"]
[Date "1997.??.??"]
[Round "?"]
[White "Vaccaro, Maurizio"]
[Black "Iatrino, Vincenzo"]
[Result "0-1"]
[WhiteElo "1764"]
[BlackElo "1971"]
[PlyCount "75"]
[EventDate "1997.??.??"]

1. c4 e5 2. Nc3 f5 3. g3 Nf6 4. Bg2 Be7 5. d3 d6 6. Nh3 O-O 7. f4 c6 8. O-O
Qb6+ 9. Kh1 Ng4 10. Qd2 Be6 11. b3 Nd7 12. e3 Ndf6 13. Ng5 Bd7 14. h3 Nh6 15.
Ba3 Nh5 16. Kh2 Qa5 17. Qc1 Nf7 18. b4 Qc7 19. e4 exf4 20. gxf4 Nxf4 21. Nxf7
Nxg2 22. Nh6+ gxh6 23. Qxh6 Rf6 24. Qg5+ Rg6 25. Qxe7 Re8 26. Qxe8+ Bxe8 27.
exf5 Rg7 28. f6 Rg6 29. Rf3 Nh4 30. Re3 Bd7 31. Rg1 d5+ 32. Kh1 Rxg1+ 33. Kxg1
d4 34. Re7 Qg3+ 35. Kf1 Bxh3+ 36. Ke2 Qf3+ 37. Kd2 dxc3+ 38. Kc2 0-1

[Event "Accademia Cup"]
[Site "Roma ITA"]
[Date "1997.??.??"]
[Round "?"]
[White "Vannelli, Vittorio"]
[Black "Franchi, Jose' Maria"]
[Result "0-1"]
[WhiteElo "1567"]
[BlackElo "1846"]
[PlyCount "65"]
[EventDate "1997.??.??"]

1. e4 c6 2. d4 d5 3. Nc3 dxe4 4. Nxe4 Bf5 5. Ng3 Bg6 6. Nf3 Nd7 7. h4 h6 8. h5
Bh7 9. Bd3 Bxd3 10. Qxd3 Qc7 11. Ne4 Ngf6 12. Nxf6+ Nxf6 13. Ne5 e6 14. Bd2 Bd6
15. Nc4 Be7 16. Ba5 b6 17. Bd2 O-O-O 18. O-O-O c5 19. Qf3 Rxd4 20. Qa8+ Qb8 21.
Qc6+ Qc7 22. Ne5 Qxc6 23. Nxc6 Rd7 24. Bc3 Rc7 25. Ne5 Rf8 26. Nc4 b5 27. Bxf6
gxf6 28. Na5 c4 29. a4 Bb4 30. Nxc4 bxc4 31. c3 Be7 32. Rd4 Rd8 33. Rg4 0-1

[Event "Accademia Cup"]
[Site "Roma ITA"]
[Date "1997.??.??"]
[Round "?"]
[White "Vannelli, Vittorio"]
[Black "Giangregorio, Pasquale"]
[Result "0-1"]
[WhiteElo "1567"]
[BlackElo "1767"]
[PlyCount "72"]
[EventDate "1997.??.??"]

1. e4 c6 2. d4 d5 3. Nc3 dxe4 4. Nxe4 Bf5 5. Ng3 Bg6 6. Nf3 Nd7 7. h4 h6 8. h5
Bh7 9. Bd3 Bxd3 10. Qxd3 Ngf6 11. Bd2 e6 12. O-O-O Qc7 13. Ne4 Nxe4 14. Qxe4
Nf6 15. Qe2 Bd6 16. g3 O-O-O 17. c4 Qe7 18. Ba5 Bc7 19. Bxc7 Qxc7 20. Ne5 Kb8
21. Qe3 Rc8 22. Qf4 Ka8 23. Rhe1 Rhf8 24. g4 Nh7 25. Qe3 Rfd8 26. Rd3 Nf6 27.
Ra3 a6 28. c5 Nd5 29. Qb3 Rb8 30. Nc4 Ka7 31. Nd6 Rxd6 32. cxd6 Qxd6 33. Qc4
Qf4+ 34. Kb1 Qxg4 35. Qc5+ Ka8 36. Qc4 36... Nc7 {...} 0-1

[Event "Accademia Cup"]
[Site "Roma ITA"]
[Date "1997.??.??"]
[Round "?"]
[White "Vannelli, Vittorio"]
[Black "Malan, Domenico"]
[Result "1-0"]
[WhiteElo "1567"]
[BlackElo "1642"]
[PlyCount "39"]
[EventDate "1997.??.??"]

1. e4 e6 2. d4 d5 3. e5 c5 4. c3 Qb6 5. Nf3 Bd7 6. Be2 Bb5 7. Bxb5+ Qxb5 8. Na3
Qa6 9. dxc5 Bxc5 10. Nc2 Nc6 11. Ncd4 Bxd4 12. cxd4 Nge7 13. Qe2 Qxe2+ 14. Kxe2
O-O 15. Be3 Rfc8 16. Rac1 Rc7 17. Rc3 h6 18. Rhc1 Rcc8 19. Nd2 Nf5 20. Nb3 {...
} 1-0

[Event "Accademia Cup"]
[Site "Roma ITA"]
[Date "1997.??.??"]
[Round "?"]
[White "Vannelli, Vittorio"]
[Black "Marta, Daniele"]
[Result "0-1"]
[WhiteElo "1567"]
[BlackElo "1807"]
[PlyCount "78"]
[EventDate "1997.??.??"]

1. e4 e6 2. d4 d5 3. e5 c5 4. c3 Nc6 5. Nf3 Qb6 6. Be2 Bd7 7. O-O Nh6 8. dxc5
Bxc5 9. Nbd2 Ng4 10. Qe1 Ngxe5 11. Nxe5 Nxe5 12. c4 Nxc4 13. Bxc4 dxc4 14. Nxc4
Qb4 15. Qe2 O-O 16. Bd2 Qb5 17. a4 Qc6 18. Bc3 f6 19. Rfe1 Rae8 20. b3 e5 21.
Na5 Qb6 22. Nxb7 Bxf2+ 23. Qxf2 Qxb7 24. Bd2 Be6 25. Rab1 Rc8 26. Be3 a6 27.
Bc5 Rfd8 28. b4 Rd3 29. Rbd1 Qd5 30. Qf1 Rd8 31. Rxd3 Qxd3 32. Qxd3 Rxd3 33. b5
axb5 34. axb5 Bd5 35. Rb1 Bb7 36. Kf1 Kf7 37. Ra1 Ke6 38. Ra7 Rd7 39. Ke2 39...
Bxg2 $138 0-1

[Event "Accademia Cup"]
[Site "Roma ITA"]
[Date "1997.??.??"]
[Round "?"]
[White "Vanzan, Alessandro"]
[Black "Imbrogno, Rinaldo"]
[Result "0-1"]
[WhiteElo "1507"]
[BlackElo "1929"]
[PlyCount "74"]
[EventDate "1997.??.??"]

1. c4 Nf6 2. Nc3 e6 3. e4 d6 4. Nf3 b6 5. d4 Bb7 6. d5 e5 7. g3 g6 8. Bg2 Bg7
9. O-O O-O 10. b3 Nbd7 11. Re1 Qe7 12. b4 a5 13. bxa5 Rxa5 14. Bd2 Nc5 15. Qb1
Rfa8 16. Nh4 Bc8 17. Ne2 Ra4 18. Rc1 Ba6 19. Nc3 Rxc4 20. Bf1 Ncxe4 21. Nxe4
Rxe4 22. f3 Ra4 23. Bg2 Bc4 24. Bb4 Bxd5 25. Re1 Qd7 26. Bf1 Bxa2 27. Qb2 Nd5
28. Bd2 e4 29. Qb5 c6 30. Bh3 f5 31. Qf1 Bxa1 32. Rxa1 e3 33. Bc1 Qg7 34. Rxa2
Rxa2 35. Qc4 e2 36. Kf2 Qe5 37. Ng2 e1=Q# 0-1

[Event "Accademia Cup"]
[Site "Roma ITA"]
[Date "1997.??.??"]
[Round "?"]
[White "Vanzan, Alessandro"]
[Black "Liburdi, Renzo"]
[Result "1-0"]
[WhiteElo "1507"]
[BlackElo "1510"]
[PlyCount "117"]
[EventDate "1997.??.??"]

1. c4 f5 2. Nf3 Nf6 3. d3 e6 4. g3 Be7 5. Bg2 O-O 6. O-O d6 7. b3 e5 8. Nc3 c6
9. Bb2 c5 10. a3 Nc6 11. Na2 Bd7 12. b4 Qb6 13. Bc3 Nd4 14. Rb1 Nxf3+ 15. Bxf3
Bc6 16. bxc5 Qxc5 17. Bb4 Qb6 18. Bxd6 Qd8 19. Bxe5 Bxf3 20. exf3 Bd6 21. Bxd6
Qxd6 22. Qb3 Kh8 23. Rfd1 b6 24. d4 Rae8 25. Nc3 f4 26. Nb5 Qe6 27. Nxa7 Qh3
28. Qd3 Ng4 29. fxg4 Qxg4 30. f3 Qg5 31. Rb5 Qe7 32. Nc6 Qc7 33. Ne5 fxg3 34.
hxg3 Re6 35. f4 h5 36. d5 Rd8 37. Qf5 Rf6 38. Qxh5+ Kg8 39. Ng6 Qd6 40. Qh8+
Kf7 41. Ne5+ Qxe5 42. fxe5 Rxh8 43. exf6 gxf6 44. Rxb6 Ra8 45. Rd3 f5 46. Rf3
Ke7 47. d6+ Ke6 48. Re3+ Kf6 49. d7+ Kf7 50. Rb7 Rd8 51. c5 f4 52. gxf4 Rg8+
53. Kf2 Rd8 54. c6 Kf8 55. c7 Rxd7 56. c8=Q+ Kg7 57. Rxd7+ Kg6 58. Qg8+ Kf5 59.
Qg5# 1-0

[Event "Accademia Cup"]
[Site "Roma ITA"]
[Date "1997.??.??"]
[Round "?"]
[White "Vanzan, Alessandro"]
[Black "Quaglia, Ferdinando"]
[Result "1-0"]
[WhiteElo "1507"]
[BlackElo "1541"]
[PlyCount "101"]
[EventDate "1997.??.??"]

1. c4 e6 2. Nc3 Nf6 3. e4 d6 4. g3 Be7 5. Bg2 e5 6. Nf3 a6 7. d4 Nbd7 8. O-O
O-O 9. b3 exd4 10. Nxd4 Ne5 11. h3 c6 12. Re1 Qc7 13. Bb2 Ned7 14. Nf5 Nc5 15.
Nxe7+ Qxe7 16. Kh2 Be6 17. Ba3 Rfd8 18. b4 Ncd7 19. Qe2 Ne5 20. c5 Nc4 21. cxd6
Rxd6 22. e5 Rd2 23. exf6 Qxf6 24. Ne4 Qxa1 25. Nxd2 Qxa2 26. Nxc4 Qxe2 27. Rxe2
Bxc4 28. Re7 Rb8 29. Bc1 Kf8 30. Bf4 Kxe7 31. Bxb8 Ke6 32. Be4 f5 33. Bf3 Bd5
34. Be2 Be4 35. f3 Bd5 36. g4 g6 37. Kg3 c5 38. gxf5+ gxf5 39. bxc5 a5 40. Kf4
h6 41. Bd3 Bb3 42. Bxf5+ Kd5 43. Bd6 Kd4 44. Be4 Bd5 45. Kf5 a4 46. h4 Bc6 47.
Bxc6 bxc6 48. Ke6 a3 49. f4 a2 50. f5 Kc4 51. Be5 1-0

[Event "Accademia Cup"]
[Site "Roma ITA"]
[Date "1997.??.??"]
[Round "?"]
[White "Vanzan, Alessandro"]
[Black "Ridolfi, Raffaele"]
[Result "0-1"]
[WhiteElo "1507"]
[BlackElo "1660"]
[PlyCount "102"]
[EventDate "1997.??.??"]

1. c4 Nf6 2. Nc3 g6 3. b3 Bg7 4. Bb2 O-O 5. Rb1 e5 6. g3 d6 7. Bg2 c6 8. Nf3
Bf5 9. d3 Qd7 10. h4 Na6 11. a3 Nc7 12. Qd2 h6 13. Nd1 Nh7 14. e4 Be6 15. Ne3
f5 16. exf5 gxf5 17. d4 e4 18. d5 exf3 19. dxe6 fxg2 20. Nxg2 Nxe6 21. Bxg7
Kxg7 22. O-O Nf6 23. Qc3 Kh7 24. b4 Ne4 25. Qd3 h5 26. Rbe1 Rad8 27. Re2 Ng7
28. Kh2 Rfe8 29. Rfe1 Nf6 30. Ne3 Ng4+ 31. Kg2 Nxe3+ 32. fxe3 Re4 33. Rd1 Qe6
34. Rc1 Re8 35. Kf2 Re7 36. Rc3 Qe5 37. Rd2 Ne8 38. Rb3 Rg4 39. e4 fxe4 40. Qe3
Rf7+ 41. Kg2 Rf3 42. Qxf3 exf3+ 43. Rxf3 Re4 44. Rdf2 Re2 45. Rf7+ Kg6 46. Kf1
Rxf2+ 47. Rxf2 Nf6 48. Re2 Qa1+ 49. Kg2 Qxa3 50. Kh3 Qxb4 51. Rg2 Qxc4 0-1

[Event "Accademia Cup"]
[Site "Roma ITA"]
[Date "1997.??.??"]
[Round "?"]
[White "Verrascina, Nicola"]
[Black "Di Giulio, Michele"]
[Result "1-0"]
[WhiteElo "2140"]
[BlackElo "1615"]
[PlyCount "39"]
[EventDate "1997.??.??"]

1. e4 c6 2. d4 d5 3. e5 e6 4. Bd3 c5 5. c3 Nc6 6. Nf3 Bd7 7. O-O Rc8 8. Re1
cxd4 9. cxd4 Bb4 10. Bd2 Bxd2 11. Nbxd2 Nb4 12. Bb1 Qc7 13. Qb3 a5 14. a3 Nc6
15. Bd3 Nge7 16. Rac1 O-O 17. Ng5 f6 18. Bxh7+ Kh8 19. Qh3 Rfd8 20. Nf7# 1-0

[Event "Accademia Cup"]
[Site "Roma ITA"]
[Date "1997.??.??"]
[Round "?"]
[White "Verrascina, Nicola"]
[Black "Russi, Roberto"]
[Result "1-0"]
[WhiteElo "2140"]
[BlackElo "1651"]
[PlyCount "45"]
[EventDate "1997.??.??"]

1. e4 g6 2. d4 d6 3. Nc3 Bg7 4. Be3 c6 5. Qd2 b5 6. Bd3 Nd7 7. f4 Ngf6 8. Nf3
Ng4 9. Bg1 e5 10. h3 Nh6 11. fxe5 dxe5 12. dxe5 Qe7 13. Be3 Ng8 14. Bg5 Qe6 15.
O-O-O Bb7 16. Bxb5 cxb5 17. Nxb5 Rc8 18. Nd6+ Kf8 19. Nxb7 Bxe5 20. Qxd7 Qxd7
21. Rxd7 Bg3 22. e5 h6 23. Nd6 1-0

[Event "Accademia Cup"]
[Site "Roma ITA"]
[Date "1997.??.??"]
[Round "?"]
[White "Vigile, Matteo"]
[Black "Barro, Carlo"]
[Result "0-1"]
[WhiteElo "1567"]
[BlackElo "1762"]
[PlyCount "99"]
[EventDate "1997.??.??"]

1. e4 d6 2. d4 Nf6 3. Nc3 g6 4. f4 Bg7 5. Nf3 O-O 6. Bc4 c6 7. O-O b5 8. Bd3 b4
9. Ne2 Qb6 10. Be3 Bg4 11. Qd2 Bxf3 12. Rxf3 Ng4 13. Raf1 Nd7 14. f5 Nxe3 15.
Qxe3 e5 16. fxg6 fxg6 17. Bc4+ Kh8 18. d5 Qxe3+ 19. Rxe3 Rxf1+ 20. Kxf1 c5 21.
Rf3 Kg8 22. a3 a5 23. Nc1 Nf6 24. Bd3 Rc8 25. c3 c4 26. Bb1 b3 27. Ne2 Nd7 28.
g4 Nc5 29. Ng1 Na4 30. g5 Rf8 31. Ke2 Rxf3 32. Nxf3 Nxb2 33. Nd2 h6 34. Nf3 Na4
35. Kd2 hxg5 36. Nxg5 Bh6 37. h4 Nc5 38. Kd1 Bxg5 39. hxg5 Kf7 40. Ke2 Ke7 41.
Kd2 Kd7 42. Kd1 Kc7 43. Kd2 Kb6 44. Kd1 Kb5 45. Kc1 Ka4 46. Kb2 Nd7 47. Ka1
Kxa3 48. Ba2 Nc5 49. Kb1 bxa2+ 50. Ka1 0-1

[Event "Accademia Cup"]
[Site "Roma ITA"]
[Date "1997.??.??"]
[Round "?"]
[White "Vigile, Matteo"]
[Black "Buffoni, Luca"]
[Result "1-0"]
[WhiteElo "1567"]
[BlackElo "1699"]
[PlyCount "113"]
[EventDate "1997.??.??"]

1. e4 e5 2. Nf3 Nf6 3. Nxe5 d6 4. Nf3 Nxe4 5. d4 d5 6. Bd3 Bd6 7. O-O O-O 8.
Re1 Re8 9. c4 c6 10. Qc2 f5 11. Nc3 Na6 12. a3 Nc7 13. cxd5 cxd5 14. Qb3 Kh8
15. Nb5 Nxb5 16. Bxb5 Rf8 17. Bd2 f4 18. Bb4 Bxb4 19. Qxb4 Bg4 20. Ne5 Nf6 21.
Rac1 f3 22. g3 Rc8 23. Rxc8 Qxc8 24. Nxg4 Nxg4 25. Bd7 Qd8 26. Qxf8+ Qxf8 27.
Re8 Qxe8 28. Bxe8 Nf6 29. Ba4 g5 30. h3 h5 31. Kf1 g4 32. hxg4 hxg4 33. Bc2 Kg7
34. Ke1 Kf7 35. Kd2 Ke6 36. Ke3 Nh5 37. Bg6 Ng7 38. Kf4 Kf6 39. Bd3 Ne6+ 40.
Kxg4 Nxd4 41. Kf4 b6 42. Bf1 b5 43. Bh3 a5 44. Bg4 Nc2 45. Kxf3 b4 46. a4 b3
47. Ke2 Ke5 48. Kd2 Kd4 49. Bd1 Na1 50. g4 Ke4 51. g5 Kf5 52. f4 d4 53. Be2 Kg6
54. Bd3+ Kg7 55. f5 Kf8 56. f6 Kg8 57. g6 1-0